Senzorická analýza potravín

Bibliographic Details
Main Authors: Príbela, Alexander, 1928- (Author), Drdák, Milan, 1949-2002 (Author)
Format: Book
Language:Slovak
PhysicalDescription:124 s., 8,013 AH Tb. Sch. 29 cm
Published: Bratislava Slovenská vysoká škola technická 1982
Edition:1. vyd.

MARC

LEADER 00000nam a2200000 a 4500
001 vtls001098013
003 SK-MaSNL
005 20260301095515.0
008 250414s1982 xo 0 slo
015 |a SNBA1982/05 
035 |a SNK000040855 
040 |a SNK  |b slo  |c SNK  |e AACR2 
041 0 |a slo 
044 |a xo  |c SK 
080 |a 663/664:611.84/.88(075.8)  |2 1981 
080 |a 611.84/.88(075.8)  |2 1981 
080 |a 611.84/.88  |2 1981 
080 |a 663/664(075.8)  |2 1981 
100 1 |a Príbela, Alexander,  |d 1928-  |4 aut  |9 131825 
245 1 0 |a Senzorická analýza potravín  |c Alexander Príbela, Milan Drdák ; Príbela Alexander 
250 |a 1. vyd. 
260 |a Bratislava  |b Slovenská vysoká škola technická  |c 1982  |e Bratislava  |f Edičné stredisko SVŠT 
300 |a 124 s., 8,013 AH  |b Tb. Sch.  |c 29 cm 
366 |e 300 výtl. 
500 |a Lit. 23. Schválilo MŠ SSR ako skriptum. Rozmn. 23 zázn. lit. o knihách v jaz. slov., čes., nem., angl. a poľ. 
700 1 |a Drdák, Milan,  |d 1949-2002  |4 aut  |9 218341 
700 1 |a Príbela, Alexander,  |d 1928-  |4 aut  |9 131825 
852 |a Slovenská národná knižnica 
958 |a OND 
958 |a NB 
958 |a RM 
958 |a UV 
999 |c 683349  |d 685279 
952 |t P60, <04>, [BOOK], {604}  |a SNK  |b SNK  |y VYP  |7 0  |p 17A0106551  |o snkSB 33720 D1  |0 0  |1 0  |4 0  |d 1997-10-31  |l 0  |r 2004-12-31 00:00:00  |w 2026-02-23 
952 |a SNK  |b SNK  |y PREZ  |7 0  |p 17A0981742  |o snkSB 33720  |0 0  |1 0  |4 0  |d 2012-07-19  |f 1  |l 0  |r 2025-04-08 00:00:00  |w 2026-02-23